000
00349 a2200145 4500
999
_c
12705
_d
12705
003
OSt
005
20240703183441.0
008
240703b ||||| |||| 00| 0 eng d
020
_a
9788412721515
100
_a
Luis Fernández-Galiano Ruiz
245
_a
Piano the Builder
260
_b
Arquitectura Viva
_c
2023
300
_a
93P;
942
_2
ddc